[Event "18th American Continental"]
[Site "Foz do Iguacu BRA"]
[Date "2025.05.26"]
[Round "6.41"]
[White "Larrea, Manuel"]
[Black "Jodorcovsky Werjivker, Paulo"]
[Result "0-1"]
[WhiteTitle "FM"]
[BlackTitle "CM"]
[WhiteElo "2246"]
[BlackElo "2117"]
[WhiteFideId "3000508"]
[BlackFideId "3700305"]
[EventDate "2025.05.23"]

1. e4 c5 2. Nf3 Nc6 3. d4 cxd4 4. Nxd4 Nf6 5. Nc3 e6 6. Nxc6 bxc6 7. e5 Nd5 8.
Ne4 Qc7 9. f4 Rb8 10. c4 Bb4+ 11. Kf2 O-O 12. cxd5 cxd5 13. Ng5 f6 14. exf6 Rxf6
15. g3 Bc5+ 16. Kg2 Bb7 17. Bd3 h6 18. Nf3 d6 19. b4 Bb6 20. Bb2 e5 21. fxe5
Rxf3 22. Qxf3 Rf8 23. Bh7+ Kxh7 24. Qxf8 Qc2+ 25. Kh3 Bc8+ 26. e6 Bxe6+ 27. g4
Qd3+ 28. Kg2 Qe2+ 0-1

[Event "18th American Continental"]
[Site "Foz do Iguacu BRA"]
[Date "2025.05.26"]
[Round "6.42"]
[White "Terao, Juliana Sayumi"]
[Black "Fiaes, Mario Henrique Andrade"]
[Result "1-0"]
[WhiteTitle "FM"]
[WhiteElo "2229"]
[BlackElo "2106"]
[WhiteFideId "2109220"]
[BlackFideId "2108690"]
[EventDate "2025.05.23"]

1. e4 e5 2. Nf3 Nc6 3. Bb5 a6 4. Ba4 Nge7 5. O-O Ng6 6. c3 d5 7. exd5 Qxd5 8. d4
Bg4 9. Nbd2 exd4 10. Qe1+ Be7 11. Nxd4 Bd7 12. Bb3 Qh5 13. Ne2 O-O 14. Ng3 Qb5
15. a4 Qb6 16. Qd1 Nce5 17. a5 Qa7 18. Nde4 Bb5 19. Be3 Qb8 20. Re1 Rd8 21. Qh5
Bc4 22. Bxc4 Nxc4 23. Nf5 Rd7 24. Bd4 f6 25. Nxe7+ Nxe7 26. Nxf6+ gxf6 27. Qg4+
Ng6 28. Qxd7 Nce5 29. Qe6+ Kg7 30. f4 c5 31. fxe5 cxd4 32. exf6+ Kh8 33. cxd4
Qd8 34. d5 Rc8 35. d6 Qf8 36. Rac1 Rd8 37. d7 Nf4 38. Qe7 Kg8 39. f7+ Kg7 40.
Qxf8+ Rxf8 41. Rc8 1-0

[Event "18th American Continental"]
[Site "Foz do Iguacu BRA"]
[Date "2025.05.26"]
[Round "6.43"]
[White "Montevilla Cahuasa, Jonathan I."]
[Black "Ocampos, Ian"]
[Result "1/2-1/2"]
[WhiteTitle "CM"]
[WhiteElo "2022"]
[BlackElo "2219"]
[WhiteFideId "3322220"]
[BlackFideId "117544"]
[EventDate "2025.05.23"]

1. e4 c5 2. Nf3 d6 3. d4 cxd4 4. Nxd4 Nf6 5. Nc3 a6 6. Bg5 e6 7. f4 Nbd7 8. Qf3
h6 9. Bxf6 Qxf6 10. O-O-O g5 11. g3 Bg7 12. Kb1 Qe7 13. Bc4 Nb6 14. Bb3 Bd7 15.
e5 dxe5 16. fxe5 O-O-O 17. Rhe1 Kb8 18. Qf2 Nc8 19. Rd3 Rhf8 20. Qd2 Nb6 21. a4
Qb4 22. Nf3 Qa5 23. Re4 Rfe8 24. Red4 Re7 25. Ne4 Qxd2 26. Nexd2 Kc7 27. a5 Nd5
28. Bxd5 exd5 29. Rxd5 Rde8 30. Nc4 Bc6 31. Rc5 g4 32. Nd4 Bxe5 33. Nf5 Re6 34.
Nxe5 Rxe5 35. Rxe5 Rxe5 36. Nxh6 f5 37. b4 Rc5 38. Rd4 Re5 39. Nf7 Re2 40. Nd6
f4 41. gxf4 Rxh2 42. Nf5 Rf2 43. Kc1 Rf3 44. Rd3 Rxf4 45. Nd4 Bd7 46. c3 Rf2 47.
Kd1 Rg2 48. Re3 g3 49. Ne2 Bg4 50. Ke1 Bxe2 51. Rxe2 Rg1+ 52. Kd2 Kd6 53. Kd3 g2
54. Kc4 Kd7 55. Kc5 Rc1 56. Rxg2 Rxc3+ 57. Kb6 Rc4 58. b5 Rb4 59. Kxb7 Rxb5+ 60.
Kxa6 Rb1 61. Rc2 Kd8 62. Ka7 Kd7 63. a6 Kd8 64. Rc3 Kd7 65. Rc4 Kd8 66. Rc2 Kd7
67. Rh2 Kc8 68. Rc2+ Kd7 69. Rg2 Kc8 70. Rg8+ Kc7 71. Rg7+ Kc8 72. Rb7 Ra1 73.
Rb2 Rc1 74. Rf2 Rb1 75. Rf8+ Kc7 76. Rb8 Rxb8 1/2-1/2

[Event "18th American Continental"]
[Site "Foz do Iguacu BRA"]
[Date "2025.05.26"]
[Round "6.44"]
[White "Muniz, Francisco Allysson da S."]
[Black "Reyes Zavaleta, Cristhian Yamil"]
[Result "1/2-1/2"]
[WhiteElo "2197"]
[BlackElo "2073"]
[WhiteFideId "2184753"]
[BlackFideId "3844340"]
[EventDate "2025.05.23"]

1. d4 d5 2. c4 e6 3. Nc3 Nf6 4. e3 Be7 5. Nf3 O-O 6. Bd2 a6 7. cxd5 exd5 8. Bd3
c5 9. Rc1 Nc6 10. dxc5 Bxc5 11. Ne2 Qe7 12. Bc3 Ne4 13. Bxe4 dxe4 14. Nfd4 Ne5
15. O-O Nd3 16. Rb1 Rd8 17. Ng3 Qh4 18. f3 Bd6 19. f4 Bg4 20. Qd2 Qe7 21. Ndf5
Qd7 22. Nxg7 Nxf4 23. Nxe4 Ne2+ 24. Kh1 Be7 25. Qxd7 Rxd7 26. Nf5 Bxf5 27. Rxf5
Nxc3 28. Nxc3 Rad8 29. Rbf1 Bf8 30. Ne4 Bg7 31. b3 Re8 32. R5f4 Ree7 33. h4 Rd3
34. Ng3 Be5 35. Nf5 Red7 36. Rc4 f6 37. Kg1 Kf7 38. Rc2 Rd2 39. Rfc1 Ke6 40. g4
Rxc2 41. Rxc2 h5 42. Rf2 hxg4 43. Kg2 Rh7 44. e4 Bc7 45. h5 Ke5 46. Kg3 Rxh5 47.
Kxg4 Rh7 1/2-1/2

[Event "18th American Continental"]
[Site "Foz do Iguacu BRA"]
[Date "2025.05.26"]
[Round "6.45"]
[White "De Oliveira, Yuri Garcia"]
[Black "Nemeth Junior, Henrique"]
[Result "1-0"]
[WhiteElo "2001"]
[BlackElo "2189"]
[WhiteFideId "22762000"]
[BlackFideId "2118815"]
[EventDate "2025.05.23"]

1. c4 Nf6 2. Nf3 g6 3. Nc3 Bg7 4. e4 d6 5. d4 O-O 6. Be2 Nbd7 7. Be3 e5 8. O-O
Qe7 9. d5 c5 10. dxc6 bxc6 11. b4 Rd8 12. Nd2 Nf8 13. Nb3 Bb7 14. Na5 Ne6 15.
Nxb7 Qxb7 16. b5 cxb5 17. cxb5 Rac8 18. Rc1 Rxc3 19. Rxc3 Nxe4 20. Rc6 d5 21.
Qc2 Nf6 22. Bc5 d4 23. Rd1 Nf4 24. Bf1 h5 25. g3 N4d5 26. a4 Nc3 27. Qxc3 dxc3
28. Rxd8+ Kh7 29. Bb4 c2 30. Rxc2 Qe4 31. Rc4 Qf5 32. Bc5 e4 33. Bxa7 Ng4 34.
Bh3 e3 35. Bxe3 Qf6 36. Bxg4 Qxd8 37. Bf3 Qd3 38. Rc7 Qb3 39. Kg2 Be5 40. Rc5 f6
41. a5 h4 42. b6 Qe6 43. gxh4 Bd6 44. Rc6 Qe5 45. Rxd6 Qxd6 46. a6 1-0

[Event "18th American Continental"]
[Site "Foz do Iguacu BRA"]
[Date "2025.05.26"]
[Round "6.46"]
[White "Mayta Aiza, Maveric"]
[Black "Jodorcovsky, Alejandro David"]
[Result "1/2-1/2"]
[WhiteTitle "CM"]
[BlackTitle "CM"]
[WhiteElo "2184"]
[BlackElo "2022"]
[WhiteFideId "3307336"]
[BlackFideId "3705625"]
[EventDate "2025.05.23"]

1. e4 e5 2. Nf3 Nc6 3. Bb5 a6 4. Ba4 Nf6 5. O-O Be7 6. Re1 b5 7. Bb3 O-O 8. c3
d6 9. h3 Na5 10. Bc2 c5 11. d4 cxd4 12. cxd4 Nc6 13. Nc3 Bd7 14. Bg5 Rc8 15. a3
h6 16. Be3 Re8 17. Rc1 Bf8 18. Qd2 Na5 19. b3 Nc6 20. d5 Ne7 21. Bd3 Nexd5 22.
exd5 e4 23. Be2 exf3 24. Bxf3 Bf5 25. Qd4 Nd7 26. b4 Rc4 27. Qd2 Ne5 28. Be2 Rc8
29. a4 Qh4 30. axb5 axb5 31. Nxb5 Nc4 32. Bxc4 Rxc4 33. Nd4 Rxc1 34. Rxc1 Be4
35. Ne2 Re5 36. Rc4 Qe7 37. Nc3 Bf5 38. b5 Qb7 39. b6 Re8 40. Rc7 Qa6 41. Qa2
Qd3 42. Qe2 Rb8 43. b7 Qxe2 44. Nxe2 Bd3 45. Ba7 Rxb7 46. Rxb7 Bxe2 47. Rc7 Bd3
48. f3 Bb1 49. Bb8 g6 50. Rd7 Ba2 51. Rd8 Kg7 52. Bxd6 Bxd6 53. Rxd6 Kf8 54. h4
h5 55. Kf2 Ke7 56. Rb6 Bxd5 57. Ke3 Be6 58. Kf4 Kf6 59. g4 hxg4 60. fxg4 Kg7 61.
Kg5 Bd5 62. Rd6 Bb3 63. h5 gxh5 64. Kxh5 Bc4 65. Kg5 Bb3 66. Rc6 Bd5 67. Rd6 Bb3
68. Kh5 Ba2 69. g5 Bb1 70. Kh4 Bf5 71. Kg3 Be6 72. Kf4 Bc4 73. Rf6 Bb3 74. Ke5
Bc4 75. Rd6 Bb3 76. Kf4 Be6 77. Rb6 Bc4 78. g6 f6 79. Kf5 Bd3+ 80. Ke6 Kxg6 81.
Ke7 Kf5 82. Rxf6+ Ke5 83. Rh6 Bc4 84. Rh5+ Kd4 85. Kd6 Bb3 86. Rh4+ Kc3 87. Kc5
Bc2 88. Rh3+ Kb2 89. Kb4 Bf5 90. Rf3 Be6 91. Rf2+ Kb1 92. Kc3 Bd5 93. Rb2+ Ka1
94. Kc2 Be4+ 95. Kc1 Bd5 96. Rb5 Bf7 97. Ra5+ Ba2 98. Kd2 Kb2 99. Rb5+ Bb3 100.
Rb7 Ka2 101. Kc1 Bd5 102. Ra7+ Kb3 103. Kd2 Kb2 104. Ra6 Bb3 105. Rb6 Ka2 106.
Kc3 Bd5 107. Rb5 Bf7 108. Rg5 Be6 109. Kc2 Bb3+ 110. Kc3 Be6 111. Rg6 Bf7 112.
Rg2+ Kb1 113. Rb2+ Ka1 114. Kc2 Bg6+ 115. Kc1 Bf7 116. Rb7 Bd5 117. Ra7+ Ba2
118. Kc2 1/2-1/2

[Event "18th American Continental"]
[Site "Foz do Iguacu BRA"]
[Date "2025.05.26"]
[Round "6.47"]
[White "Donoso Simonetti, Alvaro Matias"]
[Black "Arias Diaz, Miguel Angel"]
[Result "1/2-1/2"]
[WhiteElo "1935"]
[BlackElo "2176"]
[WhiteFideId "5198194"]
[BlackFideId "3432742"]
[EventDate "2025.05.23"]

1. e4 e6 2. d4 d5 3. e5 c5 4. c3 Nc6 5. Nf3 Bd7 6. Be2 Nge7 7. Na3 cxd4 8. cxd4
Nf5 9. Nc2 f6 10. Bf4 Be7 11. O-O O-O 12. Re1 g5 13. exf6 Bxf6 14. Be5 Be8 15.
Bd3 Bg6 16. Qd2 Be7 17. Bg3 Bf7 18. Ne5 Nxe5 19. Bxe5 Bg6 20. Re2 Bh5 21. Ree1
Bg6 22. Ne3 Rc8 23. Nxf5 Bxf5 24. Bxf5 Rxf5 25. Re2 Qf8 26. Qa5 Bd8 27. Qxa7 Qb4
28. h3 Rf7 29. Qa3 Qxa3 30. bxa3 Rc6 31. Rb1 Ba5 32. Rbb2 b6 33. Rbc2 Rc4 34.
Bd6 Rd7 35. Bb4 Kf7 36. Bxa5 bxa5 37. Red2 Rdc7 38. Rb2 Rc3 39. Rb3 a4 40. Rb6
Rxa3 41. Re2 Re7 42. Ra6 h6 43. g3 Re8 44. Kg2 Re7 45. Kg1 Re8 46. Kg2 1/2-1/2

[Event "18th American Continental"]
[Site "Foz do Iguacu BRA"]
[Date "2025.05.26"]
[Round "6.48"]
[White "Jardim, Frederico Rodrigues"]
[Black "El Zwei, Aiman Mohamed"]
[Result "1-0"]
[WhiteTitle "CM"]
[WhiteElo "2173"]
[BlackElo "1980"]
[WhiteFideId "22798404"]
[BlackFideId "44733909"]
[EventDate "2025.05.23"]

1. d4 d5 2. Nf3 Nf6 3. e3 c6 4. Bd3 Bg4 5. Nbd2 Nbd7 6. h3 Bh5 7. O-O e6 8. c4
Bg6 9. Bxg6 hxg6 10. Qc2 Be7 11. e4 dxe4 12. Nxe4 Nxe4 13. Qxe4 O-O 14. Bd2 Nf6
15. Qe2 Qc7 16. b4 Rfe8 17. a4 a6 18. c5 Nd5 19. Rfe1 Bf6 20. Rac1 Red8 21. Qe4
Qe7 22. h4 Nc7 23. Rc4 Rd5 24. Bf4 Rad8 25. g4 Qd7 26. g5 Be7 27. Ne5 Qc8 28.
Re3 Re8 29. Rh3 Qd8 30. h5 Rxe5 31. Qxe5 Qd5 32. hxg6 fxg6 33. Qxd5 exd5 34.
Rcc3 Ne6 35. Be3 Nxg5 36. Bxg5 Bxg5 37. b5 axb5 38. axb5 Bf6 39. bxc6 bxc6 40.
Rhe3 Rc8 41. Red3 Rb8 42. Ra3 Rb4 43. Ra6 Bxd4 44. Rxc6 Rc4 45. Rc8+ Kf7 46. c6
Ke7 47. Rd1 Kd6 48. Rd8+ Kc7 49. Rxd5 Bf6 50. Ra5 Kxc6 51. Ra7 Kb6 52. Rad7 Rc5
53. R1d3 Kb5 54. Rg3 g5 55. Rgd3 Kc6 56. Kg2 Rc4 57. R3d6+ Kc5 58. Rd5+ Kc6 59.
R7d6+ Kc7 60. Re6 Rc3 61. f3 Rc1 62. Re8 Rc3 63. Kg3 Rc1 64. Kg4 Rg1+ 65. Kh3
Rf1 66. Rd3 Rc1 67. Re4 Rc5 68. Kg4 Kc6 69. Kh5 Rc2 70. Kg6 Rc5 71. Re8 Kc7 72.
Kh5 Rc4 73. Re2 Rc6 74. Re4 Rc5 75. Kg6 Rc6 76. Kf7 Rc5 77. Ra3 Kc6 78. Raa4 Rc3
79. Rac4+ Rxc4 80. Rxc4+ Kd6 81. Re4 Kd5 82. Kg6 Kd6 83. Kf5 Kd5 84. Ra4 Kc5 85.
Ke6 Kb5 86. Ra7 Kc5 87. Rd7 Kc6 88. Rf7 Bd4 89. Kf5 Be3 90. Rxg7 Kd5 91. Rxg5
Bxg5 92. Kxg5 Ke6 93. f4 Kf7 94. Kf5 1-0

[Event "18th American Continental"]
[Site "Foz do Iguacu BRA"]
[Date "2025.05.26"]
[Round "6.50"]
[White "Toniutti, Ezio"]
[Black "Librelato, Kathie Goulart"]
[Result "1-0"]
[WhiteTitle "FM"]
[BlackTitle "WIM"]
[WhiteElo "2215"]
[BlackElo "2138"]
[WhiteFideId "113034"]
[BlackFideId "2153963"]
[EventDate "2025.05.23"]

1. d4 Nf6 2. Nf3 d5 3. c4 e6 4. e3 Be7 5. Nc3 O-O 6. Bd3 a6 7. b3 c5 8. O-O b6
9. Bb2 Bb7 10. Qe2 Nbd7 11. Rfd1 Re8 12. Rac1 Bd6 13. cxd5 exd5 14. Bf5 Nf8 15.
Bh3 Ne6 16. Qf1 Rb8 17. dxc5 bxc5 18. Na4 Ne4 19. Bf5 N6g5 20. Qe2 d4 21. Nxg5
Qxg5 22. Qg4 Qxg4 23. Bxg4 Bc6 24. Nxc5 Nxc5 25. exd4 Na4 26. Ba1 Bd5 27. bxa4
Bxa2 28. Re1 Ba3 29. Rxe8+ Rxe8 30. Rc8 Kf8 31. Rxe8+ Kxe8 32. Be2 Bb3 33. Bxa6
Bxa4 34. Kf1 Bc6 35. Bc4 f6 36. f3 Ke7 37. Ke2 Kd6 38. Bc3 Bd5 39. Kd3 Kc6 40.
Be1 Bd6 41. Bg3 Bb4 42. Bf4 Ba5 43. Ba6 Bb4 44. Bc8 g6 45. Ba6 Ba5 46. h3 Bb4
47. Bd2 Bd6 48. Ba5 Be7 49. Kc3 Bd6 50. Bd8 f5 51. Bf6 Ba3 52. Be5 Be7 53. Kd3
Ba3 54. Ke2 Bb2 55. Bd3 h5 56. Ba6 Ba3 57. Bd3 Bb2 58. Bf6 Bc3 59. Ke3 Bb2 60.
Kf4 Bc1+ 61. Ke5 Be3 62. Bb5+ Kxb5 63. Kxd5 Bf4 64. Be5 Bg5 65. Ke6 Bd8 66. Bf6
Bb6 67. d5 Kc4 68. d6 Kd3 69. Kf7 Ke2 70. Kxg6 Kf2 71. Kxf5 Kxg2 72. h4 Kxf3 73.
d7 1-0

[Event "18th American Continental"]
[Site "Foz do Iguacu BRA"]
[Date "2025.05.26"]
[Round "6.51"]
[White "Cezar Junior, William Carlos"]
[Black "Tomiello, Mateus Costamilan"]
[Result "0-1"]
[BlackTitle "FM"]
[WhiteElo "2048"]
[BlackElo "2199"]
[WhiteFideId "2130769"]
[BlackFideId "22701958"]
[EventDate "2025.05.23"]

1. c4 e5 2. g3 Nf6 3. Bg2 c6 4. d4 e4 5. d5 Bb4+ 6. Bd2 Qe7 7. Nc3 cxd5 8. cxd5
O-O 9. Nh3 h6 10. O-O Bc5 11. Qc1 d6 12. a3 Bf5 13. Nf4 Nbd7 14. Be3 Rfc8 15. b4
Bxe3 16. Qxe3 Ng4 17. Qd4 Nb6 18. e3 Ne5 19. Nb5 g5 20. Nxa7 Rxa7 21. Qxb6 Ra6
22. Qb5 gxf4 23. exf4 Nd3 24. Ra2 Qc7 0-1

[Event "18th American Continental"]
[Site "Foz do Iguacu BRA"]
[Date "2025.05.26"]
[Round "6.52"]
[White "Molina Sumoza, Jesus Alberto"]
[Black "Aranha Filho, Alvaro Z."]
[Result "1/2-1/2"]
[WhiteTitle "CM"]
[BlackTitle "FM"]
[WhiteElo "2025"]
[BlackElo "2184"]
[WhiteFideId "3901874"]
[BlackFideId "2103931"]
[EventDate "2025.05.23"]

1. e4 c5 2. Nf3 Nc6 3. d4 cxd4 4. Nxd4 Nf6 5. Nc3 e5 6. Ndb5 d6 7. Nd5 Nxd5 8.
exd5 Nb8 9. a4 Be7 10. Bd2 O-O 11. a5 Nd7 12. Be2 a6 13. Na3 Nf6 14. Bb4 Bf5 15.
Nc4 Be4 16. f3 Bg6 17. c3 Kh8 18. Nxe5 dxe5 19. d6 Bxd6 20. Qxd6 Qxd6 21. Bxd6
Rfe8 22. O-O-O Rac8 1/2-1/2

[Event "18th American Continental"]
[Site "Foz do Iguacu BRA"]
[Date "2025.05.26"]
[Round "6.53"]
[White "Bail, Ellen Larissa"]
[Black "Luz, Arthur Nader"]
[Result "0-1"]
[WhiteElo "1964"]
[BlackElo "2184"]
[WhiteFideId "2142171"]
[BlackFideId "2148838"]
[EventDate "2025.05.23"]

1. d4 Nf6 2. Nf3 g6 3. c4 Bg7 4. Nc3 d6 5. Bg5 h6 6. Bh4 g5 7. Bg3 Nh5 8. e3 c5
9. dxc5 Nxg3 10. hxg3 g4 11. Nd2 dxc5 12. Qc2 Nc6 13. a3 Qa5 14. Nb3 Bxc3+ 15.
bxc3 Qa4 16. Bd3 b6 17. Rh5 e6 18. Nd4 Qxc2 19. Nxc2 Bb7 20. Ke2 O-O-O 21. a4 f5
22. a5 Nxa5 23. Rh2 Rxd3 24. Kxd3 Be4+ 25. Ke2 Bxc2 26. Rah1 Nxc4 27. Rxh6 Rxh6
28. Rxh6 a5 29. f3 a4 30. Rh1 a3 31. Ra1 b5 0-1

[Event "18th American Continental"]
[Site "Foz do Iguacu BRA"]
[Date "2025.05.26"]
[Round "6.54"]
[White "Sanhueza, Cristian"]
[Black "Torales G., Ivan Alejandro B."]
[Result "1-0"]
[WhiteTitle "FM"]
[BlackTitle "FM"]
[WhiteElo "2182"]
[BlackElo "2089"]
[WhiteFideId "116815"]
[BlackFideId "3710785"]
[EventDate "2025.05.23"]

1. e4 e5 2. Nf3 Nc6 3. Bb5 a6 4. Ba4 Nf6 5. d4 exd4 6. O-O Be7 7. e5 Ne4 8. Nxd4
Nc5 9. Nf5 O-O 10. Qg4 g6 11. Bxc6 dxc6 12. Nxe7+ Qxe7 13. Qg3 Bf5 14. Bg5 Qe6
15. Nc3 Bxc2 16. Rac1 Bf5 17. Qh4 Nd7 18. Rfe1 Rfe8 19. Re3 f6 20. exf6 Qf7 21.
Re7 Rxe7 22. fxe7 Re8 23. Re1 h6 24. Bxh6 Nf6 25. Bf8 Nh7 26. g4 g5 27. Qh6 Bg6
28. Re6 Bc2 29. f3 Nxf8 30. exf8=Q+ Rxf8 31. Qxg5+ Kh8 32. Re7 Qf6 33. Qxf6+
Rxf6 34. Rxc7 Rxf3 35. Rxb7 Rf4 36. h3 Bd3 37. Kg2 Bf1+ 38. Kg3 Rd4 39. h4 Rd2
40. Ne4 Rg2+ 41. Kf4 Kg8 42. h5 Be2 43. Nf6+ Kf8 44. g5 Rf2+ 45. Ke3 Rg2 46. h6
Bc4 47. h7 Rh2 48. g6 Rh3+ 49. Kf4 1-0

[Event "18th American Continental"]
[Site "Foz do Iguacu BRA"]
[Date "2025.05.26"]
[Round "6.55"]
[White "Mariani, Daniel Brandao"]
[Black "Silverio, Vitor Luis De Jesus"]
[Result "1-0"]
[WhiteElo "2002"]
[BlackElo "2166"]
[WhiteFideId "2124378"]
[BlackFideId "22797289"]
[EventDate "2025.05.23"]

1. d4 Nf6 2. c4 g6 3. Nc3 Bg7 4. e4 d6 5. Be2 O-O 6. Bg5 c5 7. d5 e6 8. Nf3 exd5
9. exd5 Re8 10. O-O h6 11. Bh4 g5 12. Bg3 Nh5 13. Bd3 Nxg3 14. hxg3 Nd7 15. Rc1
Ne5 16. Nxe5 Bxe5 17. Qh5 Qf6 18. Rce1 Bd7 19. Ne4 Qg7 20. f4 gxf4 21. gxf4 Bg4
22. Qh4 Bd4+ 23. Kh2 Rad8 24. Nxd6 Rf8 25. Nxf7 Bf6 26. Nxh6+ Kh8 27. Nf7+ Kg8
28. Qxg4 Rxf7 29. Qxg7+ Kxg7 30. Re2 Rh8+ 31. Kg3 Bh4+ 32. Kf3 Bg5 33. g3 Bxf4
34. gxf4 Rh3+ 35. Kg4 Rxd3 36. f5 Rd4+ 37. Rf4 Rd1 38. Rg2 Kf6 39. Rgf2 Rd3 40.
Re4 Rg7+ 41. Kf4 Rh7 42. Re6+ Kf7 43. Ke5 b6 44. b3 Kf8 45. Kd6 Rg3 46. f6 Rgh3
47. Re7 R3h6 48. Kd7 Rh2 49. Rxh2 Rxh2 50. a4 Rf2 51. Re6 Rf3 52. Kc7 Kf7 53.
Re4 Kxf6 54. d6 Kf5 55. Re8 1-0

[Event "18th American Continental"]
[Site "Foz do Iguacu BRA"]
[Date "2025.05.26"]
[Round "6.56"]
[White "Alboredo, Julia"]
[Black "Medeiros, Thauane Ferreira"]
[Result "1/2-1/2"]
[WhiteTitle "FM"]
[BlackTitle "WFM"]
[WhiteElo "2165"]
[BlackElo "1972"]
[WhiteFideId "2124807"]
[BlackFideId "2134470"]
[EventDate "2025.05.23"]

1. e4 e5 2. Nf3 Nc6 3. Bc4 Nf6 4. d3 Be7 5. a4 d6 6. c3 Na5 7. Ba2 c5 8. b4 Nc6
9. b5 Nb8 10. O-O O-O 11. Na3 h6 12. Nc4 a6 13. bxa6 Rxa6 14. Ne3 Bd7 15. Bb2
Bxa4 16. Bxf7+ Rxf7 17. Rxa4 Rxa4 18. Qxa4 Qd7 19. Qb3 Nc6 20. Ra1 Bf8 21. Bc1
Kh7 22. Rb1 Nd8 23. d4 exd4 24. cxd4 g6 25. Qc2 Qe6 1/2-1/2

[Event "18th American Continental"]
[Site "Foz do Iguacu BRA"]
[Date "2025.05.26"]
[Round "6.57"]
[White "Andrade, Roberto Luiz Costa"]
[Black "Palacio, Igor Da Paz"]
[Result "0-1"]
[WhiteTitle "FM"]
[WhiteElo "1959"]
[BlackElo "2165"]
[WhiteFideId "2101521"]
[BlackFideId "2121140"]
[EventDate "2025.05.23"]

1. e4 d6 2. d4 Nf6 3. Nc3 g6 4. f3 c6 5. Be3 b5 6. a3 a6 7. Bd3 Nbd7 8. f4 Nb6
9. Nf3 Bg7 10. O-O O-O 11. Qe1 Ng4 12. Bc1 c5 13. d5 c4 14. Be2 f5 15. Bd1 Nf6
16. exf5 Bxf5 17. Ng5 Qd7 18. Bf3 Rab8 19. Be3 h6 20. Bxb6 hxg5 21. fxg5 Rxb6
22. gxf6 Bxf6 23. Qe2 Qe8 24. g4 Bd7 25. Qe3 Rb8 26. Rae1 Be5 27. h3 Qf7 28. Be4
Qg7 29. Qg5 Rxf1+ 30. Rxf1 Be8 31. Rf3 Bf6 32. Qd2 Bf7 33. Kg2 Kh7 34. h4 Kg8
35. Kh3 Rf8 36. Ne2 Be5 37. c3 Be8 38. Qe3 Rxf3+ 39. Qxf3 Qf6 40. Qe3 Qf1+ 41.
Bg2 Qe1 42. Qe4 Kg7 43. Qf3 Bf7 44. Qe3 Bg8 45. Bf3 Qf1+ 46. Bg2 Qe1 47. Be4 Bf7
48. Bg2 Be8 49. Be4 Bf6 50. g5 Be5 51. Kg2 Qxh4 52. Bf3 Bd7 53. Ng1 Bf5 54. Be2
Kf7 55. Kf1 Qf4+ 56. Qxf4 Bxf4 0-1

[Event "18th American Continental"]
[Site "Foz do Iguacu BRA"]
[Date "2025.05.26"]
[Round "6.58"]
[White "Barrera Caicedo, Hubert"]
[Black "Pirola, Claudionor Alcides Lima"]
[Result "1/2-1/2"]
[WhiteElo "1910"]
[BlackElo "2157"]
[WhiteFideId "3908062"]
[BlackFideId "2130556"]
[EventDate "2025.05.23"]

1. e4 e5 2. Nf3 Nc6 3. d4 exd4 4. Bc4 Nf6 5. e5 d5 6. Bb5 Ne4 7. Nxd4 Bc5 8. Be3
O-O 9. Nxc6 bxc6 10. Bxc5 Nxc5 11. Bxc6 Rb8 12. Qxd5 Qe7 13. O-O Rxb2 14. Na3
Ne6 15. Nc4 Rd8 16. Nxb2 Rxd5 17. Bxd5 Qc5 18. Bxe6 Bxe6 19. Nd3 Qc3 20. Rfd1 g5
21. h3 a5 22. a4 h5 23. Rdc1 c6 24. Rab1 Bd5 25. Ra1 Kg7 26. Rab1 Qc4 27. Ne1
Qxa4 28. Ra1 Qb5 29. Ra3 a4 1/2-1/2

[Event "18th American Continental"]
[Site "Foz do Iguacu BRA"]
[Date "2025.05.26"]
[Round "6.59"]
[White "Piasetski, Leon"]
[Black "Calcada, Lucas Galvan"]
[Result "1/2-1/2"]
[WhiteTitle "IM"]
[WhiteElo "2153"]
[BlackElo "1967"]
[WhiteFideId "2600072"]
[BlackFideId "22746099"]
[EventDate "2025.05.23"]

1. Nf3 c5 2. c4 Nc6 3. d4 cxd4 4. Nxd4 g6 5. e4 Bg7 6. Be3 Nf6 7. Nc3 Ng4 8.
Qxg4 Nxd4 9. Qd1 Nc6 10. Qd2 d6 11. Be2 Bd7 12. Rc1 Rc8 13. b3 Qa5 14. O-O O-O
15. Rfd1 Rfe8 16. h3 Bxc3 17. Qxc3 Qxc3 18. Rxc3 b6 19. a3 f5 20. exf5 Bxf5 21.
g4 Be6 22. b4 Ne5 23. Rdc1 Nd7 24. c5 bxc5 25. Bb5 Red8 26. Bxd7 Rxd7 27. bxc5
Rdc7 28. Bd4 dxc5 29. Rxc5 Rxc5 30. Rxc5 Rxc5 31. Bxc5 a5 32. Bxe7 Kf7 33. Bc5
a4 34. Kg2 h5 35. Kg3 hxg4 36. hxg4 g5 1/2-1/2

[Event "18th American Continental"]
[Site "Foz do Iguacu BRA"]
[Date "2025.05.26"]
[Round "6.60"]
[White "Calcada, Henrique Galvan"]
[Black "Brizzi, Milagros Tatiana"]
[Result "1/2-1/2"]
[BlackTitle "WIM"]
[WhiteElo "1896"]
[BlackElo "2152"]
[WhiteFideId "22746080"]
[BlackFideId "128350"]
[EventDate "2025.05.23"]

1. c4 c6 2. g3 d5 3. Nf3 Nf6 4. Bg2 dxc4 5. O-O Nbd7 6. Qc2 Nb6 7. Na3 Be6 8.
Ng5 Bd5 9. e4 h6 10. exd5 hxg5 11. dxc6 bxc6 12. Bxc6+ Nfd7 13. Qe4 Rc8 14. d4
cxd3 15. Bxg5 Rxc6 16. Qxc6 f6 17. Be3 Kf7 18. Nc4 e6 19. Nxb6 axb6 20. Rad1 Ne5
21. Qb7+ Kg8 22. Bxb6 Qe8 23. Kg2 Qb5 24. a4 Qxa4 25. Bc7 Nc6 26. Rfe1 Qc2 27.
Rxd3 Rxh2+ 28. Kxh2 Qxf2+ 29. Kh3 Qxe1 30. Qxc6 Qf1+ 31. Kh2 Qe2+ 32. Kh3 Qxd3
33. Qxe6+ Kh7 34. Qf7 Qf1+ 35. Kh2 Qe2+ 36. Kh3 Bc5 37. Qd5 Qe7 38. Bd8 1/2-1/2

[Event "18th American Continental"]
[Site "Foz do Iguacu BRA"]
[Date "2025.05.26"]
[Round "6.61"]
[White "Bueno, Alfeu Junior Varela"]
[Black "Montevilla C., Elias Alejandro"]
[Result "1-0"]
[WhiteTitle "FM"]
[WhiteElo "2142"]
[BlackElo "1769"]
[WhiteFideId "2108879"]
[BlackFideId "3322211"]
[EventDate "2025.05.23"]

1. e4 e5 2. Nc3 Nf6 3. f4 d5 4. fxe5 Nxe4 5. Qf3 Nxc3 6. dxc3 Qh4+ 7. g3 Qe4+ 8.
Qxe4 dxe4 9. Bg2 Bf5 10. Ne2 Nc6 11. Nd4 g6 12. Nxf5 gxf5 13. Rf1 Nxe5 14. Rxf5
Nf3+ 15. Bxf3 exf3 16. Bg5 Rg8 17. Kf2 Rg6 18. Re1+ Re6 19. Rxe6+ fxe6 20. Rf6
Ke7 21. Rh6+ Kf7 22. Rf6+ Ke7 23. Rxf3+ Ke8 24. Rf6 Ke7 25. Ke3 Bg7 26. Rf2+ Ke8
27. Ke4 a5 28. Bf6 Bf8 29. Be5 c6 30. Rf6 Ke7 31. Rf3 Ke8 32. g4 Rd8 33. Rd3 Rd5
34. c4 Rc5 35. b3 a4 36. Rh3 h6 37. g5 hxg5 38. Rh8 Ra5 39. Bd6 axb3 40. cxb3
Rf5 41. c5 Rf7 42. a4 Rf5 43. a5 Rf1 44. b4 Rf2 45. Rxf8+ Rxf8 46. Bxf8 Kxf8 47.
b5 cxb5 48. c6 1-0